| 000 | 00527cam a2200193 a 4500 | ||
|---|---|---|---|
| 020 | _a0751336831 | ||
| 020 | _a9780751336832 | ||
| 040 | _cUKM | ||
| 082 | 0 | 4 | _a635 DOR 2002 C155 Or. |
| 245 | 0 | 0 | _aFruit & vegetable gardening / |
| 260 |
_aLondon : _bDorling Kindersley, _c2002 |
||
| 300 |
_a272 p. : _bcol. ill. ; _c28 cm |
||
| 500 | _aIncludes index | ||
| 650 | 0 | _aVegetable gardening | |
| 650 | 0 | _aFruit-culture | |
| 700 | 1 | _aPollock, Michael, | |
| 710 | 2 | _aRoyal Horticultural Society (Great Britain) | |
| 942 | _cAEDBB | ||
| 999 |
_c18803 _d18803 |
||